Las Invasiones agrarias en México o la crisis del modelo de incorporación-participación marginal

Gespeichert in:
Bibliographische Detailangaben
1. Verfasser: Martínez Rios, Jorge
Körperschaft: UNAM. Instituto de Investigaciones
Format: Text
Veröffentlicht: México D.F.: UNAM
Tags: Tag hinzufügen
Keine Tags, Fügen Sie den ersten Tag hinzu!

MARC

LEADER 00000 a a2200000 04500
001 22693
003
040
090 |a 155700  
100 |a Martínez Rios, Jorge  
110 |a UNAM. Instituto de Investigaciones  
245 |a Las Invasiones agrarias en México o la crisis del modelo de incorporación-participación marginal  
260 |a México D.F.:   |b UNAM  
300 |a 69 p  
999 |c 17205  |d 17205